Djumbuhing rasa asih / (Record no. 82323)

MARC details
000 -LEADER
fixed length control field 00558cam a22002171a 4500
001 - CONTROL NUMBER
control field sa 68008243
003 - CONTROL NUMBER IDENTIFIER
control field DLC
005 - DATE AND TIME OF LATEST TRANSACTION
control field 20260227112530.0
008 - FIXED-LENGTH DATA ELEMENTS--GENERAL INFORMATION
fixed length control field 950420s1966 io 000 1 ind
010 ## - LIBRARY OF CONGRESS CONTROL NUMBER
LC control number sa 68008243
025 ## - OVERSEAS ACQUISITION NUMBER
Overseas acquisition number PL480:Indo-5604
035 ## - SYSTEM CONTROL NUMBER
System control number (OCoLC)32341742
040 ## - CATALOGING SOURCE
Original cataloging agency DLC
Transcribing agency WU
Modifying agency DLC
042 ## - AUTHENTICATION CODE
Authentication code premarc
050 00 - LIBRARY OF CONGRESS CALL NUMBER
Classification number PL5089.W464
Item number D5
100 1# - MAIN ENTRY--PERSONAL NAME
Personal name Widajat, Widi.
245 10 - TITLE STATEMENT
Title Djumbuhing rasa asih /
Statement of responsibility, etc. gambar Jono S. Wijono.
250 ## - EDITION STATEMENT
Edition statement Tjap-tjapan 1.
260 ## - PUBLICATION, DISTRIBUTION, ETC.
Place of publication, distribution, etc. [Sala] :
Name of publisher, distributor, etc. P. Kondang,
Date of publication, distribution, etc. 1966.
300 ## - PHYSICAL DESCRIPTION
Extent 50 p. ;
Dimensions 14 cm.

No items available.

Powered by Koha